000
00308nam a2200121Ia 4500
005
20260328104331.0
008
260328s9999||||xx |||||||||||||| ||und||
100
_a
Rodgers, Paul
245
0
_a
Diseño de Producto /
_c
Paul Rodgers
300
_a
240 p.
650
_a
DISEÑO INDUSTRIAL - ELEMENTOS
942
_c
BK
999
_c
11732
_d
11732